Bước đường trở thành bố già Corleone : Viết theo đề cương của Mario Puzo = The family corleone

保存先:
書誌詳細
第一著者: Falco, Edward
フォーマット: 図書
言語:Undetermined
出版事項: Thành phố Hồ Chí Minh Phương Đông 2012
主題:
タグ: タグ追加
タグなし, このレコードへの初めてのタグを付けませんか!
Thư viện lưu trữ: Trung tâm Học liệu Trường Đại học Cần Thơ
LEADER 00755nam a2200205Ia 4500
001 CTU_180992
008 210402s9999 xx 000 0 und d
020 |c 205000 
082 |a 813.54 
082 |b F181 
100 |a Falco, Edward 
245 0 |a Bước đường trở thành bố già Corleone : 
245 0 |b Viết theo đề cương của Mario Puzo = The family corleone 
245 0 |c Mark Winegardner ; Phan Quang Định ( dịch ) 
260 |a Thành phố Hồ Chí Minh 
260 |b Phương Đông 
260 |c 2012 
650 |a Corleone family (Fictitious characters),Gia đình Corleone (nhân vật hư cấu) 
904 |i Ngà,Hải 
980 |a Trung tâm Học liệu Trường Đại học Cần Thơ